Countries which celebrate Diwali - Statistics

General Stats
  • This quiz has been taken 56 times
    55 since last reset
  • The average score is 10 of 15
Answer Stats
Country % Correct
India
98%
Pakistan
91%
Nepal
86%
Sri Lanka
84%
Bangladesh
82%
Bhutan
82%
Indonesia
73%
Myanmar
70%
Malaysia
61%
Singapore
61%
Mauritius
48%
Fiji
36%
Guyana
34%
Suriname
30%
Trinidad and Tobago
25%
No matching quizzes found
Score Distribution
Percent of People with Each Score
Percentile by Number Answered
Your Score History
You have not taken this quiz since the last reset